| 000 | 01231nam a22003857a 4500 | ||
|---|---|---|---|
| 001 | BR9503138 | ||
| 003 | BR-BrBNA | ||
| 005 | 20230928094520.0 | ||
| 007 | ta | ||
| 008 | 230509b bl.||||| |||| 00| 0 por d | ||
| 040 |
_aBR-BrBNA _bpor _cBiblioteca Nacional de Agricultura |
||
| 041 | _a(Por) | ||
| 072 |
_aP33; F01 _b1930 _b1910 _b1920 _b8951 |
||
| 090 | _ 1930 BR9503138 | ||
| 100 | 1 | _aTeixeira, W.G. | |
| 110 | 1 |
_aEscola Superior de Agricultura de Lavras, MG (Brasil) _0Tese (Mestre em Solos e Nutricao de Plantas) |
|
| 245 | 1 | _aMetodos de manejo em cambissolo distrofico (Epialico)para a microrregiao Campos da Mantiqueira (MG) | |
| 260 | 3 |
_aLavras, MG (Brasil): _c1993. |
|
| 300 | _a103 p. | ||
| 500 | _a13 tables; 13 graphs; Bibliography p. 85-98 (144 ref.); Summaries (Eng, Por) | ||
| 650 | _aCapim Brachiaria | ||
| 650 | _aCapim Andropogon | ||
| 650 | _aPastagem Natural | ||
| 650 | _aDeficiencia do Solo | ||
| 650 | _aMelhoramento do Solo | ||
| 650 | _aImplantacao de Cultura | ||
| 650 | _aAnalise do Solo | ||
| 650 | _aFisica do Solo | ||
| 650 | _aAnalise Foliar | ||
| 650 | _aCalagem | ||
| 650 | _aAdubacao | ||
| 650 | _aMinas Gerais | ||
| 909 |
_a202309 _bLucia _c55 _dLucia Elande |
||
| 942 | _cBK | ||
| 999 |
_c51107 _d51107 |
||